И в камне вся история Земли...: к столетию кафедры минералогии и петрографии; Томский политехник; Вып. 7

التفاصيل البيبلوغرافية
Parent link:Томский политехник: ежегодный журнал/ Томский политехнический университет (ТПУ), Ассоциация выпускников.— , 1995-
Вып. 7.— 2001.— [С. 62-63]
المؤلف الرئيسي: Кучеренко И. В. Игорь Васильевич
الملخص:Заглавие с титульного листа
Электронная версия печатной публикации
اللغة:الروسية
منشور في: 2001
سلاسل:Юбилеи: 100 лет горно-геологическому образованию в Сибири
الموضوعات:
الوصول للمادة أونلاين:Цветная версия без потери качества
التنسيق: الكتروني فصل الكتاب
KOHA link:https://koha.lib.tpu.ru/cgi-bin/koha/opac-detail.pl?biblionumber=191169

MARC

LEADER 00000nla2a2200000 4500
001 191169
005 20231031180556.0
035 |a (RuTPU)RU\TPU\book\208432 
035 |a RU\TPU\book\208430 
090 |a 191169 
100 |a 20110203d2001 km y0rusy50 ca 
101 0 |a rus 
102 |a RU 
135 |a drnn ---uucaa 
181 0 |a i  
182 0 |a b 
200 1 |a И в камне вся история Земли...  |b Электронный ресурс  |e к столетию кафедры минералогии и петрографии  |f И. В. Кучеренко 
203 |a Текст  |c электронный 
215 |a 1 файл (6.4 Мб) 
225 1 |a Юбилеи: 100 лет горно-геологическому образованию в Сибири 
230 |a Электронные текстовые данные (1 файл : 6.4 Мб) 
300 |a Заглавие с титульного листа 
300 |a Электронная версия печатной публикации 
337 |a Adobe Reader 
461 1 |0 (RuTPU)RU\TPU\book\202435  |t Томский политехник  |o ежегодный журнал  |f Томский политехнический университет (ТПУ), Ассоциация выпускников  |d 1995- 
463 1 |0 (RuTPU)RU\TPU\book\208277  |t Вып. 7  |v [С. 62-63]  |d 2001  |p 208 с. 
601 0 2 |a Томский технологический институт (ТТИ)  |c (1896-1923)  |2 stltpush  |3 (RuTPU)RU\TPU\col\9244 
601 0 2 |a Сибирский технологический институт (СТИ)  |c (Томск)  |c (1923-1930)  |2 stltpush  |3 (RuTPU)RU\TPU\col\5002 
601 0 2 |a Томский политехнический институт (ТПИ)  |c (1944-1991)  |2 stltpush  |3 (RuTPU)RU\TPU\col\1123 
601 0 2 |a Томский политехнический университет (ТПУ)  |c (1991-2009)  |2 stltpush  |3 (RuTPU)RU\TPU\col\376 
610 1 |a кафедра минералогии и петрографии 
610 1 |a горно-геологическое образование 
610 1 |a кафедры 
610 1 |a история 
610 1 |a научно-исследовательская работа 
610 1 |a юбилеи 
610 1 |a труды учёных ТПУ 
610 1 |a электронный ресурс 
700 1 |a Кучеренко  |b И. В.  |c российский геолог  |c профессор Томского политехнического университета, доктор геолого-минералогических наук  |f 1937-  |g Игорь Васильевич  |2 stltpush  |3 (RuTPU)RU\TPU\pers\13904 
801 1 |a RU  |b 63413507  |c 20101101 
801 2 |a RU  |b 63413507  |c 20110413  |g RCR 
856 4 |u http://www.lib.tpu.ru/fulltext/v/Tomsk_polytechnic/2001/N7a19_full.pdf  |z Цветная версия без потери качества 
942 |c CF